000 00902nam a2200265 i 4500
003 DO-SdBNP
005 20230629102805.0
007 ta
008 230629b2023 dr a|||| |||| 00| 0 spa d
020 _a9789945893588
040 _aDO-SdBNP
_bspa
_cBNPHU
_erda
082 4 _222
100 _91366
_aNúñez, Rafael,
_eautor
245 1 0 _aNueva retórica. nuevos códigos, nueva sociedad :
_brelevancia de la comunicación política /
_cRafael Núñez ; prólogo Alfredo Kramarz
264 1 _aSanto Domingo :
_bCorripio,
_c2023.
300 _a157 páginas :
_bilustraciones ;
_c22 cm.
336 _2rdacontent
_atexto
_btxt
337 _2rdamedia
_asin mediación
_bn
338 _2rdacarrier
_avolumen
_bnc
500 _aIncluye datos biográficos del autor en las solapas
590 _aInventariado, 2023/BT
700 _aKramarz, Alfredo,
_eprólogo
_983636
910 _aBtavárez
942 _2ddc
_cLBS1
999 _c54006
_d54006